Normal view
MARC view
Entry Personal Name
001 - CONTROL NUMBER
- control field: 872073
003 - CONTROL NUMBER IDENTIFIER
- control field: OSt
005 - DATE AND TIME OF LATEST TRANSACTION
- control field: 20260114185611.0
008 - FIXED-LENGTH DATA ELEMENTS
- fixed length control field: 260114|| aca||aabn | a|a d
040 ## - CATALOGING SOURCE
- Original cataloging agency: OSt
- Transcribing agency: OSt
100 ## - HEADING--PERSONAL NAME
- Personal name: Isabelle Richet
670 ## - SOURCE DATA FOUND
- Source citation: Work cat.: (OSt)1471021: Isabelle Richet, Women, Antifascism and Mussolini?s Italy The Life of Marion Cave Rosselli, 2018
